banner koha

Prevalência de vacas reagentes à tuberculinização simultânea em rebanhos produtores de leite do tipo C do Estado de São Paulo (Registro n. 189359)

MARC details
000 -LÍDER
campo de controle de tamanho fixo 01059nas a2200349 4500
001 - NÚMERO DE CONTROLE
campo de controle BR0702984
003 - IDENTIFICADOR DO NÚMERO DE CONTROLE
campo de controle BR-BrBNA
005 - DATA E HORÁRIO DA ÚLTIMA TRANSAÇÃO
campo de controle 20231205110833.0
007 - CAMPO FIXO DE DESCRIÇÃO FÍSICA--INFORMAÇÃO GERAL
campo de controle de tamanho fixo ta
008 - CAMPO DE DADOS FIXOS--INFORMAÇÃO GERAL
campo de controle de tamanho fixo 230509b bl.|||p| |||| 00| 00por d
040 ## - FONTE DA CATALOGAÇÃO
Instituição da catalogação original BR-BrBNA
Idioma da catalogação por
Instituição que transcreveu o registro Biblioteca Nacional de Agricultura
041 ## - CÓDIGO DE IDIOMA
Código do idioma do texto/trilha sonora ou título diferente (Pt)
072 ## - CÓDIGO DE CATEGORIA DE ASSUNTO
Código de Categoria de Assunto L73
100 1# - ENTRADA PRINCIPAL--NOME PESSOAL
Nome pessoal Melo, L.E.H. de
100 1# - ENTRADA PRINCIPAL--NOME PESSOAL
Nome pessoal D'Angelino, J.L.
100 1# - ENTRADA PRINCIPAL--NOME PESSOAL
Nome pessoal Castro, R.S. de
100 1# - ENTRADA PRINCIPAL--NOME PESSOAL
Nome pessoal Schalch, U.M.
100 1# - ENTRADA PRINCIPAL--NOME PESSOAL
Nome pessoal Pacheco, J.c.G.
100 1# - ENTRADA PRINCIPAL--NOME PESSOAL
Nome pessoal Benatti, L.A.T.
100 1# - ENTRADA PRINCIPAL--NOME PESSOAL
Nome pessoal Araújo, W.P. de
100 1# - ENTRADA PRINCIPAL--NOME PESSOAL
Nome pessoal Pinheiro, S.R.
245 1# - TÍTULO
Título Prevalência de vacas reagentes à tuberculinização simultânea em rebanhos produtores de leite do tipo C do Estado de São Paulo
650 ## - ASSUNTO--TERMO TÓPICO
Cabeçalho tópico ou nome geográfico VACA
650 ## - ASSUNTO--TERMO TÓPICO
Cabeçalho tópico ou nome geográfico GADO LEITEIRO
650 ## - ASSUNTO--TERMO TÓPICO
Cabeçalho tópico ou nome geográfico TUBERCULOSE
650 ## - ASSUNTO--TERMO TÓPICO
Cabeçalho tópico ou nome geográfico BACTÉRIA
650 ## - ASSUNTO--TERMO TÓPICO
Cabeçalho tópico ou nome geográfico ENFERMIDADE
650 ## - ASSUNTO--TERMO TÓPICO
Cabeçalho tópico ou nome geográfico ZOONOSE
773 0# - ENTRADA ANALÍTICA
Título Ciência Veterinária nos Trópicos (Brazil)
ISSN - International Standard Serial Number ISSN 1415-6326
Partes relacionadas (May-Aug 1999), v. 2(2) p. 91-99
Número de controle do registro BR0702984
909 ## -
-- 202311
-- Lúcia
-- 55
-- Lúcia Elande
942 ## - ELEMENTOS DE ENTRADA ADICIONADOS (KOHA)
Fonte da classificação ou esquema de arquivamento na estante Classificação AGRIS
Ocultar no OPAC Não
Tipo de material Koha Analítica
Exemplares
Situação do descarte Fonte da classificação ou esquema de arquivamento na estante Situação física Não pode ser emprestado Biblioteca de origem Biblioteca atual Localização na estante Enumeração do periódico / cronologia Total de empréstimos Data de último acesso Número do exemplar Tipo de material Koha Fonte de aquisição
  Classificação AGRIS   Consulta local Biblioteca Nacional de Agricultura - Binagri Biblioteca Nacional de Agricultura - Binagri   (May-Aug 1999), v. 2(2) p. 91-99   29/11/2023 01 Periódicos Portaria Interministerial nº 164/94

BINAGRI

Telefone: (61)3218-2567/2388/3357/2097 - binagri@agro.gov.br

Ministério da Agricultura e Pecuária , Esplanada dos Ministérios, Bloco D, Anexo B, Brasília/DF, CEP: 70.043-900